Akumulácia ľudského kapitálu nedávnych absolventov škôl v regiónoch Európy

Vývoj rozdielov v akumulácií ľudského kapitálu v regiónoch Európy. Vývoj rozdielov v akumulácií ľudského kapitálu nedávnych absolventov škôl prostredníctvom údajov o priemernom počte rokov vzdelávania v NUTS2 európskych regiónoch od 2000 až po 2020.

Salvato in:
Dettagli Bibliografici
Autore principale: Rehák, Štefan, 1974-
Natura: Capitolo di libro
Lingua:slovacco
Soggetti:
Tags: Aggiungi Tag
Nessun Tag, puoi essere il primo ad aggiungerne!!

MARC

LEADER 00000naa$a2200000$$$4500
001 0286605
005 20240502083915.1
041 0 |a slo 
044 |a CZ 
245 1 0 |a Akumulácia ľudského kapitálu nedávnych absolventov škôl v regiónoch Európy  |c Štefan Rehák 
520 |a Vývoj rozdielov v akumulácií ľudského kapitálu v regiónoch Európy. Vývoj rozdielov v akumulácií ľudského kapitálu nedávnych absolventov škôl prostredníctvom údajov o priemernom počte rokov vzdelávania v NUTS2 európskych regiónoch od 2000 až po 2020. 
610 2 0 |a kapitál ľudský 
610 2 0 |a akumulácia 
610 2 0 |a regióny 
610 2 0 |a Európa 
610 2 0 |a absolventi 
100 1 |a Rehák, Štefan, 1974-